Tilastot visalle Afganistan-visa

Klikkaa tästä pelataksesi tätä visaa!

Yleistilastot

  • Tätä visaa on pelattu 369 kertaa
  • Keskiarvotulos 9 / 18

Vastaustilastot

KysymysVastaus% Oikein
Mikä on Afganistanin pääkaupunki?Kabul
93%
Minkä valtion kanssa Afganistanilla on lyhyin raja?Kiina
75%
Mikä valtio miehitti Afganistanin vuonna 1979?Neuvostoliitto
74%
Mitkä ovat Afganistanin kaksi virallista kieltä?Paštu
72%
Mitkä ovat Afganistanin kaksi virallista kieltä?Dari
69%
Mikä terroristiryhmä hallitsi Afganistania vuosina 1996-2001?Taliban
69%
Mikä on Afganistanin valuutta?Afgaani
59%
Afganistan vastaa 90 %:sta tämän kasvin maailmanlaajuisesta tuotannostaOopiumiunikko
56%
Mitä islamin haaraa suurin osa hazaroista seuraa?Šiialaisuus
55%
Yllä oleva ryhmä tuhosi kaksi Bamiyanin kaupungissa sijainnutta patsasta vuonna 2001. Mitä historiallista henkilöä patsaat esittivät?Buddha
43%
Mikä menestynyt kirja käsitteli Amirin ja Hassanin ystävyyttä?{Leija}poika
42%
Mikä Afganistanin luoteisosassa sijaitseva kaupunki tunnettiin historiallisesti viinistään?Herat
32%
Mikä on Afganistanin toiseksi väkirikkain kaupunki?Kandahar
30%
Kuka oli Afganistanin presidentti vuosina 2004-2011?Hamid Karzai
26%
Mikä vuoristo peittää Afganistanin keskiosan?Hindukuš
25%
Kuka kirjoitti yllä olevan kirjan?Khaled Hosseini
23%
Kuka runoilija syntyi vuonna 1207 Balkhin kaupungissa, ja on nyt joidenkin arvioiden mukaan eniten myynyt runoilija Yhdysvalloissa?Rumi
21%
Mikä vuoristosola Afganistanin ja Pakistanin välissä oli olennainen osa muinaista silkkitietä?{Khaibar}sola
17%

Tulosjakauma

Persentiili vastausten määrän mukaan

Jokaisen tuloksen saaneiden osuus

Tuloshistoriasi

Et ole pelannut tätä visaa